| 000 | 00472nam a2200145 4500 | ||
|---|---|---|---|
| 001 | 4471 | ||
| 005 | 20181127173451.0 | ||
| 090 | 0 | 0 | _a808.51 J611i 2015 |
| 245 | 0 | 0 |
_aInspiration : _bA collection of royal addresses of His Majesty King Jigme Khesar Namgyel Wangchuk / _cKuensel Corporation. _h |
| 260 | 0 | 0 |
_aThimphu : _bKuensel Corporation, _c[2015]. |
| 300 | 0 | 0 | _a47 p. ; 20 cm. |
| 650 | 0 | 0 |
_aBhutan. _x |
| 650 | 0 | 0 |
_aRoyal visitors _x |
| 650 | 0 | 0 |
_aSpeeches, addresses, etc., Bhutan. _x |
| 999 |
_c3702 _d3702 |
||